Countries that Beat Iraq - Statistics

General Stats
  • This quiz has been taken 30,734 times
    15,486 since last reset
  • The average score is 11 of 15
Answer Stats
Rank Category Countries % Correct
17 Highest obesity rate Tonga | Nauru | Tuvalu | Samoa | Bahamas | F. S. Micronesia | Kiribati | Marshall Islands | Saint Kitts and Nevis | Egypt | Qatar | Belize | United States | Kuwait | Palau | Saudi Arabia
99%
4 Most populous country where Arabic is an official language Egypt | Sudan | Algeria
93%
3 Highest percentage of people are Shia Muslims Iran | Bahrain
91%
4 Great amount of proven oil reserves Venezuela | Saudi Arabia | Iran
90%
2 Longest border with Saudi Arabia Yemen
90%
3 Highest recorded temperature United States | Kuwait
81%
5 Most populous capital starting with B (by urban area population) China | Thailand | Argentina | Colombia
80%
8 Most recent to change its flag Syria | Afghanistan | France | Mauritania | Malawi | Libya | Myanmar
80%
9 Shortest coastline among countries that have one Monaco | Bosnia and Herzegovina | Tuvalu | Jordan | Nauru | D. R. Congo | Slovenia | Togo
79%
4 Highest production of dates (the fruit) Egypt | Saudi Arabia | Algeria | Iran
76%
9 Highest fertility rate outside Africa (UN, 2025) Afghanistan | Yemen | Samoa | Vanuatu | Pakistan | Solomon Islands | Uzbekistan | Nauru
67%
2 Source of the most foreign-born Swedish residents Syria
54%
2 Largest country whose name contains Q Mozambique
52%
4 (t) Flag with the highest % of black Libya | Papua New Guinea | Angola
50%
2 (t) Asian country with the most official languages Singapore
34%
No matching quizzes found
Score Distribution
Percent of People with Each Score
Percentile by Number Answered
Your Score History
You have not taken this quiz since the last reset